Fliegende Blätter in der Infallibilitäts-Sache: von Dr. Fr. Michelis

Saved in:  
Bibliographic Details
Main Author: Michelis, Friedrich 1815-1886 (Author)
Format: Print Book
Language:German
Subito Delivery Service: Order now.
Check availability: HBZ Gateway
Interlibrary Loan:Interlibrary Loan for the Fachinformationsdienste (Specialized Information Services in Germany)
Published: Braunsberg 18XX-
In:Year: 1870
Volumes / Articles:Show volumes/articles.

MARC

LEADER 00000cam a22000002ca4500
001 1494717743
003 DE-627
005 20220602112835.0
007 tu
008 150115n18uuuuuuxx ||||| 00| ||ger c
035 |a (DE-627)1494717743 
035 |a (DE-576)424717743 
035 |a (DE-599)BVBBV020582607 
040 |a DE-627  |b ger  |c DE-627  |e rakwb 
041 |a ger 
084 |a 1  |2 ssgn 
100 1 |0 (DE-588)118582178  |0 (DE-627)133768279  |0 (DE-576)167617958  |4 aut  |a Michelis, Friedrich  |d 1815-1886 
109 |a Michelis, Friedrich 1815-1886  |a Michelis, Fridericus 1815-1886  |a Michelis, Friedr. 1815-1886  |a Michelis, Friedrich Bernhard Ferdinand 1815-1886  |a Michelis, Fr. 1815-1886 
190 |j 1870 
245 1 0 |a Fliegende Blätter in der Infallibilitäts-Sache  |b von Dr. Fr. Michelis 
264 1 |a Braunsberg  |c 18XX- 
336 |a Text  |b txt  |2 rdacontent 
337 |a ohne Hilfsmittel zu benutzen  |b n  |2 rdamedia 
338 |a Band  |b nc  |2 rdacarrier 
951 |a MC 
ELC |b 1 
ITA |a 1  |t 1 
LOK |0 000 xxxxxcx a22 zn 4500 
LOK |0 001 2830212479 
LOK |0 003 DE-627 
LOK |0 004 1494717743 
LOK |0 005 20150115184524 
LOK |0 008 150115||||||||||||||||ger||||||| 
LOK |0 040   |a DE-21  |c DE-627  |d DE-21 
LOK |0 852   |a DE-21 
LOK |0 852 1  |9 00 
LOK |0 935   |a dika  |a theo 
LOK |0 939   |a 15-01-15  |b l01 
ORI |a SA-MARC-ixtheoa001.raw 
SPR |a 1  |t IXT